| 000 | 00000nam 2200000zi 4500 |
| 001 | 9.913652 |
| 003 | CaOODSP |
| 005 | 20230718140806 |
| 006 | m o d f |
| 007 | cr cn||||||||| |
| 008 | 220721t20232023onc ob f000 0 eng d |
| 020 | |a9780660446936 |
| 040 | |aCaOODSP|beng|erda|cCaOODSP |
| 043 | |an-cn--- |
| 086 | 1 |aA118-10/40-2021E-PDF |
| 245 | 00|aCrop profile for field cucurbits in Canada, 2021 / |cprepared by Pest Management Centre, Agriculture and Agri-Food Canada. |
| 250 | |aFirst Edition – 2023. |
| 264 | 1|aOttawa, ON, Canada : |bAgriculture and Agri-Food Canada = Agriculture et agroalimentaire Canada, |c2023. |
| 264 | 4|c©2023 |
| 300 | |a1 online resource (62 pages) |
| 336 | |atext|btxt|2rdacontent |
| 337 | |acomputer|bc|2rdamedia |
| 338 | |aonline resource|bcr|2rdacarrier |
| 500 | |aIssued also in French under title: Profil de la culture des cucurbitacées en plein champ au Canada, 2021. |
| 504 | |aIncludes bibliographical references (pages 55-62). |
| 650 | 0|aCucurbitaceae|xDiseases and pests|xControl|zCanada. |
| 650 | 0|aVegetable trade|zCanada. |
| 710 | 1 |aCanada. |bAgriculture and Agri-Food Canada, |eissuing body. |
| 710 | 2 |aPest Management Centre (Canada), |eissuing body. |
| 775 | 08|tProfil de la culture des cucurbitacées en plein champ au Canada, 2021 / |w(CaOODSP)9.913653 |
| 856 | 40|qPDF|s1.90 MB|uhttps://publications.gc.ca/collections/collection_2023/aac-aafc/A118-10-40-2021-eng.pdf |
| 986 | |a13128E |